000 00870cam a22002777i 4500
999 _c117508
_d117508
001 19336832
005 20200604123404.0
008 161013t20172017maua 001 0 eng d
020 _a0672337797
020 _a9780672337796
040 _cPK-LaUMT
082 0 4 _a004.6782
_223
_bHOF-C
100 1 _aHoffman, Kevin
245 1 0 _aCloud Native Go :
_bbuilding web applications and microservices for the cloud with Go and React /
_cby Kevin Hoffman and Dan Nemeth
260 _aBoston :
_bAddison-Wesley,
_c2017
300 _ax, 243 p. :
_billustrations ;
_c23 cm
500 _aIncludes index.
650 0 _aCloud computing.
650 0 _aWeb applications.
650 0 _aGo (Computer program language)
650 7 _aCloud computing.
650 7 _aGo (Computer program language)
650 7 _aWeb applications.
700 1 _aNemeth, Daniel P.,
942 _cBK